Statistics for Main baking ingredients

Click here to take the quiz!

General Stats

  • This quiz has been taken 630 times
  • The average score is 7 of 9

Answer Stats

HintAnswer% Correct
Flour
98%
Sugar
97%
Eggs
89%
Butter
84%
Baking powder
80%
Salt
78%
Baking soda
74%
Vanilla
71%
Chocolate
49%

Score Distribution

Percentile by Number Answered

Percent of People with Each Score

Your Score History

You have not taken this quiz